| 000 | 00370pab a2200121 454500 | ||
|---|---|---|---|
| 008 | 180718b xxu||||| |||| 00| 0 eng d | ||
| 100 | _aYusuf Shahid | ||
| 245 | _aChina's macroeconomic performance and management during trasition | ||
| 362 | _a8(2), Spring 1994, p.71-92 | ||
| 650 | _aCentral Planning -- China | ||
| 773 | _aJournal of Economic Perspectives | ||
| 909 | _a27160 | ||
| 999 |
_c27160 _d27160 |
||